000 00332nam a2200121Ia 4500
008 210210b1999 xxu||||| |||| 00| 0 eng d
082 _a158.1K UDAY
100 _aUDAYAKUMAR HABBU.
245 _aYashasvi jivanada rahasya.
260 _aKinnigoli
_bAnanta Pratibha Prakashana
_c1999
690 _aApplied Psychology
906 _a054491
999 _c102524
_d102524